000 00754nam a22002417a 4500
001 96568
003 UA-OsUOA
005 20200520125120.0
007 ta
008 20130320b un ||||| |||| 00| 0 ukr d
040 _aUA-OsUOA
_brus
_cUA-OsUOA
_dUA-OsUOA
041 _arus
080 _a821.161.1
090 _a821.161.1
_bЛ65
100 _aЛихоносов В.
245 _aНаш маленький Париж: ненаписаные воспоминания
_bроман
260 _aМ.
_bСоветский писатель
_c1989
300 _a608 с.
650 7 _a82 Література. Літературознавство
_2UDC
942 _cBK
_2udc
955 _a3
999 _c382820
_d382820